| 000 | 00575nam a2200205 a 4500 | ||
|---|---|---|---|
| 001 | BRCA_5120 | ||
| 005 | 20190320204940.0 | ||
| 008 | 191110s1922----mx-#######---#000-0#spa-# | ||
| 041 | _aspa | ||
| 044 | _amx | ||
| 050 | 4 |
_aPQ7297 _b.R66 1922 |
|
| 100 | 1 |
_aRomero de Terreros y Vinent, Manuel _99692 |
|
| 245 | 1 | 0 |
_aLa puerta de bronce y otros cuentos _cManuel Romero de Terreros y Vinent. |
| 260 |
_aGuadalajara, Nueva Galicia _bFortino Jaime _c1922 |
||
| 300 |
_a113 p. _c16 cm. |
||
| 500 | _aE13 | ||
| 650 | 1 | 4 |
_aCuentos _zMéxico _913065 |
| 902 | _aGFM | ||
| 942 |
_2lcc _cB |
||
| 999 |
_c4814 _d4814 |
||